Central Library OPAC University of Rajshahi

كتاب الاخبار الطوال ;; Kitāb al-akhbār al-ṭiwāl / (Record no. 79321)

MARC details
000 -LEADER
fixed length control field 01494nam a2200289 a 4500
001 - CONTROL NUMBER
control field 79321
003 - CONTROL NUMBER IDENTIFIER
rucl marc code BD-RjUL
005 - DATE AND TIME OF LATEST TRANSACTION
control field 20220206101011.0
008 - FIXED-LENGTH DATA ELEMENTS--GENERAL INFORMATION
fixed length control field 220206s1888 ne 000 0 ara d
035 ## - SYSTEM CONTROL NUMBER
System control number (BD-RjUL)79321
040 ## - CATALOGING SOURCE
Original cataloging agency HAI
Language of cataloging eng
Transcribing agency BD-RjUL
041 0# - LANGUAGE CODE
Language code of text/sound track or separate title ara
082 ## - DEWEY DECIMAL CLASSIFICATION NUMBER
Edition number 23
Classification number 909.097671
Author mark and year DIK 1888
100 1# - MAIN ENTRY--PERSONAL NAME
Personal name الدينوري، أبو حنيفة أحمد بن داود ;; Dīnawarī; Abū Ḥanīfah Aḥmad ibn Dāwūd
Dates associated with a name توفي 895؟
9 (RLIN) 1133
245 10 - TITLE STATEMENT
Title كتاب الاخبار الطوال ;; Kitāb al-akhbār al-ṭiwāl /
Statement of responsibility, etc. تأليف ابي حنيفة احمد بن داود الدينوري ؛ تصحيح فلاديمير جرجاس ;; Abū Ḥanīfah Aḥmad ibn Dāwūd Dīnawarī; Vladimir Feodorvich Girgas
246 33 - VARYING FORM OF TITLE
Title proper/short title al -aikhibar al -tiwal ;; الاخبار الطوال
260 ## - PUBLICATION, DISTRIBUTION, ETC. (IMPRINT)
Place of publication, distribution, etc. ليدن :، Laydin
Name of publisher, distributor, etc. مطبع بريل، Maṭbaʻat Brīl,
Date of publication, distribution, etc. [١٨٨٨]1888
300 ## - PHYSICAL DESCRIPTION
Pagination ٤٠٢ ص. ؛
Size ٢٤ س.+فهارس
500 ## - GENERAL NOTE
General note alfaharis - jameiha... aghnatyus kratishkuvski ;; الفهارس - جمعها... اغناطيوس كراتشكوڤسكي
600 ## - SUBJECT ADDED ENTRY--PERSONAL NAME
Personal name Caliphs.
General subdivision Biography
Chronological subdivision Early works to 1800
650 #4 - SUBJECT ADDED ENTRY--TOPICAL TERM
Topical term or geographic name as entry element Caliphs
9 (RLIN) 599
651 #4 - SUBJECT ADDED ENTRY--GEOGRAPHIC NAME
Geographic name Arab countries
General subdivision History
9 (RLIN) 1135
Geographic name Iran
General subdivision History
9 (RLIN) 1136
700 1# - ADDED ENTRY--PERSONAL NAME
Personal name كراتشكوڤسكي، ايغناطيوس يوليانوڤيتش ;; ،Krachkovsky, Ignatius Yulianovich,
Dates associated with a name 1883-1951
Personal name Gerges, Vladimir ;; جرجاس، ڤلاديمير
942 ## - ADDED ENTRY ELEMENTS (KOHA)
Source of classification or shelving scheme Dewey Decimal Classification
Koha item type Books
Holdings
Lost status Source of classification or shelving scheme Damaged status Not for loan Collection code Permanent Location Current Location Shelving location Date acquired Source of acquisition Full call number Date last seen Copy number Koha item type Total Checkouts Cost, normal purchase price
  Dewey Decimal Classification   Not For Loan Non-fiction Central Library, University of Rajshahi Central Library, University of Rajshahi Reading Room 17/09/1968 Zeitlinger A 909.097671 DIK 1888 06/02/2022 C-1 Books    
  Dewey Decimal Classification   Not For Loan Non-fiction Central Library, University of Rajshahi Central Library, University of Rajshahi Reading Room 13/02/1963 Latam A.H. Quraishi A 909.097671 DIK 1888 20/02/2022 C-1 Books    
  Dewey Decimal Classification   Not For Loan Non-fiction Central Library, University of Rajshahi Central Library, University of Rajshahi Reading Room 17/09/1968 Zeitlinger A 909.097671 DIK 1912 [Index] 16/02/2023 C-1 Books   85.00